00814nam a2200229 a 450000500170000000800410001701000140005802000220007202000250009403500130011903700150013204000180014708200140016510000170017924500750019626000400027127000600031130000240037194200280039599900170042395201440044020060818091510.0050907s2005 ii av 000 0 eng  aENG-93243 c55.00a8177355597 c55.00a9788177355598 aEN-76776 bDBAD / PUB adplbEnglish  a342.54085 aGomathi, G.  aConstitutional remedies for minority people in India /cby G. Gomathi  aChennai bPavai Publications c2008 a142, Jani Jan Khan Road, Royapettah, bChennai e600014 a106p.c20 cm (pbk)  2ddccENmGOMh342.54085 c25383d25383 00102ddc40718NFICaDBADbDBADd2009-03-18eDBAD / PUBg55.00l0o342.54085 GOMpEN-76776r2009-03-18 00:00:00t1v55.00w2009-03-18yEN